000 00689cab a2200241 4500
001 X3122
008 090401t1995 xxu||||| |||| 00| 0 eng d
035 _a(Sirsi) u28557
041 _aeng
100 _aBoughey, J.
245 _aModular education
260 _c1995
350 _a0
490 _aCSM (Chartered Surveyor Monthly)
_v5(3) November/December 1995, 44(1)
520 _aDiscusses the practice of modular undergraduate courses.
650 _aCAREERS, EDUCATION AND TRAINING
650 _aMODULAR SCHEMES
650 _aMODULARISATION
690 _aMANAGEMENT-BUSINESS MANAGEMENT-PROFESSIONAL PRACTICE
700 _aTremear, C.
942 _n0
948 _c04/03/1997
999 _c19204
_d19204